Statistiken für Beste Bundesliga Torschützen FC Schalke 04

Klicken Sie hier um das Quiz zu spielen!

Allgemein

  • Dieses Quiz wurde 582 mal gespielt
    (246 seit der letzten Aktualisierung)
  • Das Durchschnittsergebnis liegt bei 26 aus 60

Antwortstatistiken

SaisonNationalitätToreSpieler% Korrekt
2013/14Niederlande12Klaas-Jan Huntelaar
94%
2014/15Niederlande9Klaas-Jan Huntelaar
94%
2011/12Niederlande29Klaas-Jan Huntelaar
94%
2015/16Niederlande12Klaas-Jan Huntelaar
94%
2012/13Niederlande10Klaas-Jan Huntelaar
94%
2010/11Spanien13Raúl
89%
1999/00Dänemark14Ebbe Sand
74%
2003/04Dänemark8Ebbe Sand
74%
2001/02Dänemark11Ebbe Sand
74%
2000/01Dänemark22Ebbe Sand
74%
2017/18Österreich11Guido Burgstaller
74%
2016/17Österreich9Guido Burgstaller
74%
1970/71Deutschland15Klaus Fischer
70%
1974/75Deutschland17Klaus Fischer
70%
1975/76Deutschland29Klaus Fischer
70%
1976/77Deutschland24Klaus Fischer
70%
1977/78Deutschland20Klaus Fischer
70%
1978/79Deutschland21Klaus Fischer
70%
1979/80Deutschland7Klaus Fischer
70%
1971/72Deutschland22Klaus Fischer
70%
1973/74Deutschland21Klaus Fischer
70%
2022/23Deutschland11Marius Bülter
69%
2020/21USA6Matthew Hoppe
62%
2012/13Deutschland10Julian Draxler
60%
2005/06Deutschland10Kevin Kurányi
56%
2009/10Deutschland18Kevin Kurányi
56%
2008/09Deutschland13Kevin Kurányi
56%
2007/08Deutschland15Kevin Kurányi
56%
2006/07Deutschland15Kevin Kurányi
56%
2014/15Kamerun9Eric Maxim Choupo-Moting
51%
2018/19Italien7Daniel Caligiuri
47%
1997/98Belgien7Marc Wilmots
43%
2004/05Brasilien14Ailton
42%
1987/88Deutschland14Olaf Thon
42%
2005/06Dänemark10Søren Larsen
26%
2002/03Nigeria7Victor Agali
25%
1996/97Deutschland12Martin Max
24%
1998/99Deutschland6Martin Max
24%
1995/96Deutschland11Martin Max
24%
2019/20Deutschland7Suat Serdar
22%
1998/99Niederlande6Youri Mulder
20%
1993/94Deutschland9Ingo Anderbrügge
17%
1992/93Deutschland10Ingo Anderbrügge
17%
1991/92Deutschland7Ingo Anderbrügge
17%
1991/92Deutschland7Peter Sendscheid
7%
1972/73Deutschland10Erwin Kremers
6%
1984/85Deutschland18Klaus Täuber
4%
1985/86Deutschland16Klaus Täuber
4%
1986/87Deutschland10Jürgen Wegmann
3%
1994/95Deutschland8Hendrik Herzog
2%
1966/67Deutschland8Günter Herrmann
1%
1982/83Deutschland9Hans-Joachim Abel
1%
1968/69Deutschland7Hans-Jürgen Wittkamp
1%
1967/68Deutschland12Hans-Jürgen Wittkamp
1%
1963/64Deutschland18Klaus Matischak
1%
1965/66Deutschland9Manfred Kreuz
1%
1969/70Deutschland9Manfred Pohlschmidt
1%
1972/73Luxemburg10Nico Braun
1%
1964/65Deutschland11Waldemar Gerhardt
1%
1980/81Deutschland10Norbert Elgert
0%

Verteilung der Resultate

Perzentil nach korrekt beantworteten Fragen

Anzahl Personen mit jedem Resultat

Ihre Resultats-Entwicklung

Sie haben dieses Quiz seit der letzten Aktualisierung nicht gespielt